SLOVENSKÁ KVALITA PRE EURÓPSKU ÚNIU

Bibliographic Details
Main Author: Slimák, Ivan, 1932-2021 (Author)
Format: Article
Language:Slovak
ISBN:8070993790

MARC

LEADER 00000naa a2200000uu 4500
001 vtls010942853
003 SK-MaSNL
005 20260302123419.0
008 210910|1998 xo |||||||||||||||||slo|
015 |a SNBRA 
035 |a (urnnbn)urn:nbn:sk:snk:ar-a0bd75 
035 |a (uuid)4d3849cf-70a6-4f6c-ba4f-d5d1754e55af 
035 |a urn:nbn:sk:snk-aau5ft 
040 |a SNKBUCL  |b slo  |c SNKBUCL  |e AACR2 
041 0 |a slo 
044 |a xo  |c SK 
100 1 |a Slimák, Ivan,  |d 1932-2021  |4 aut  |9 206477 
245 1 0 |a SLOVENSKÁ KVALITA PRE EURÓPSKU ÚNIU  |c Ivan Slimák 
773 0 |t Prvenstvo v kvalite '98  |d Košice : Technická univerzita, 1998  |g S. 9-12  |z 8070993790 
958 |a OND 
958 |a article11 
958 |a chapter 
999 |c 1282932  |d 1284862